Visualizzazione normale
Vista MARC
- Bruckner Joseph Anton
di Personal Name
Records bibliografici associati: 7
001 - CONTROL NUMBER
- control field: 1458
003 - CONTROL NUMBER IDENTIFIER
- control field: IT-RoPau
005 - DATE AND TIME OF LATEST TRANSACTION
- control field: 20131108214830.0
008 - FIXED-LENGTH DATA ELEMENTS
- fixed length control field: 131108|| aca||aabn | a|a d
040 ## - CATALOGING SOURCE
- Original cataloging agency: IT-RoPau
- Transcribing agency: IT-RoPau
100 ## - HEADING--PERSONAL NAME
- Personal name: Bruckner Joseph Anton
670 ## - SOURCE DATA FOUND
- Source citation: Work cat.: (IT-RoPau)103767: Bruckner Joseph Anton, Messa N. 2 in mi min